Μειονότητες στην Ελλάδα και πολιτικός κόσμος
Saved in:
| Corporate Author: | |
|---|---|
| Format: | Book |
| Language: | Greek |
| Published: |
Αθήνα :
Εταιρεία για τα Δικαιώματα των Μειονοτήτων,
1992
|
| Subjects: | |
| Tags: |
Add Tag
No Tags, Be the first to tag this record!
|
MARC
| LEADER | 00000cam a2200000 i 4500 | ||
|---|---|---|---|
| 001 | 1/97973 | ||
| 008 | 000114s1992 gr | ||| |||| ||gre|| | ||
| 035 | |l 10056338 | ||
| 040 | |a GR-MY-UA |b gre |e aacr | ||
| 041 | 0 | |a gre | |
| 082 | 0 | |a 305.8009495 | |
| 110 | 2 | |a Εταιρεία για τα Δικαιώματα των Μειονοτήτων. | |
| 245 | 1 | 0 | |a Μειονότητες στην Ελλάδα και πολιτικός κόσμος / |c Εταιρεία για τα Δικαιώματα των Μειονοτήτων (Ε.Δ.Μ.) |
| 260 | |a Αθήνα : |b Εταιρεία για τα Δικαιώματα των Μειονοτήτων, |c 1992 | ||
| 300 | |a 21 σ. | ||
| 650 | 0 | 0 | |a Minorities |z Greece. |
| 852 | |a INST |b LESVOS |e 20000114 |h 305.8009495 ΕΤΑ |p 005100022591 |q 005100022591 |t BK |y 0 | ||
| 909 | |a Λ |b 039776 | ||
| 970 | |a ΚΑΜΑΤΣΟΥ |b ΔΕΣΠΟΙΝΑ |z 2000/01/14 | ||